NARAIN'S EXPORT MANAGEMENT (Record no. 15954)

MARC details
000 -LEADER
fixed length control field 00310nam a2200121Ia 4500
005 - DATE AND TIME OF LATEST TRANSACTION
control field 20250409181315.0
008 - FIXED-LENGTH DATA ELEMENTS--GENERAL INFORMATION
fixed length control field 250409s9999||||xx |||||||||||||| ||und||
100 ## - MAIN ENTRY--PERSONAL NAME
Personal name SHARMA, R
245 #0 - TITLE STATEMENT
Title NARAIN'S EXPORT MANAGEMENT
260 ## - PUBLICATION, DISTRIBUTION, ETC.
Name of publisher, distributor, etc. LAXMI NARAIN AGRWAL PUBLICATION,
Place of publication, distribution, etc. AGRA:
650 ## - SUBJECT ADDED ENTRY--TOPICAL TERM
Form subdivision Management
942 ## - ADDED ENTRY ELEMENTS (KOHA)
Koha item type BOOK
Holdings
Withdrawn status Lost status Damaged status Not for loan Collection Home library Current library Shelving location Date acquired Total checkouts Full call number Barcode Date last seen Price effective from Koha item type
        Management St.Dominics College Library St.Dominics College Library General Stack 04/09/2025   658.848 SHA 25270 04/09/2025 04/09/2025 BOOK